00564nam a22001817a 450000500170000001000150001702000220003202000250005403500130007903700130009208200060010510000180011124500900012926000410021927000810026030000240034149000170036520150519130447.0 aENG-112675 c90.00a8123764103 a9788123764108c90.00 aEN-96207 bDBAD/PUB aN aGurdial Singh00aA handful of sand /cby Gurdial Singh ; translated from Hindi by Ravi Nandan Sinhab  aNew DelhibNational Book Trustc2012 aNehru Bhawan, 5 Institutional Area, Phase-ll Vasant Kunj bNew Delhie110070 aix,169p.c21cm(pbk) aAadan Pradan